[Event "Malaga op-13"]
[Site "Malaga"]
[Date "2010.02.25"]
[Round "7.36"]
[White "Moreno Cervera, Jose Luis"]
[Black "Cisnero Alvarez, Juan Jose"]
[Result "0-1"]
[WhiteElo "1929"]
[BlackElo "2110"]
[PlyCount "116"]
[EventDate "2010.02.20"]

1. d4 Nf6 2. Bf4 g6 3. e3 Bg7 4. Nf3 O-O 5. Be2 d6 6. h3 Nc6 7. O-O Nd7 8. c4
e5 9. Bh2 f5 10. Nc3 Kh8 11. Rc1 g5 12. d5 Ncb8 13. b4 a5 14. a3 axb4 15. axb4
Na6 16. Qb3 Qe7 17. Na4 b6 18. Rfd1 Rb8 19. Qa3 f4 20. Nc3 h5 21. c5 bxc5 22.
Bxa6 cxb4 23. Qa5 Bxa6 24. Qxa6 Nc5 25. Qf1 bxc3 26. Rxc3 g4 27. hxg4 hxg4 28.
g3 fxg3 29. Bxg3 Rxf3 30. Kg2 Kg8 31. Rxc5 dxc5 32. Qc4 Rb4 33. d6+ Rxc4 34.
dxe7 Rxg3+ 35. Kxg3 Kf7 36. Rd7 Ke8 37. Rxc7 Bf6 38. e4 Rxe4 39. Rxc5 Kxe7 40.
f3 gxf3 41. Kxf3 Rf4+ 42. Ke3 Kd6 43. Ra5 Bg5 44. Kd3 Rd4+ 45. Ke2 Bd2 46. Ra8
Bb4 47. Ke3 Bc5 48. Ke2 Kd5 49. Re8 Rf4 50. Ra8 Rf2+ 51. Ke1 Rg2 52. Re8 Ke4
53. Re6 Be3 54. Re8 Kf3 55. Rf8+ Bf4 56. Kd1 e4 57. Re8 e3 58. Re6 Rd2+ 0-1

[Event "Malaga op-13"]
[Site "Malaga"]
[Date "2010.02.25"]
[Round "7.37"]
[White "Barroso Campos, Manuel"]
[Black "Ladron De Guevara Pinto, Miguel"]
[Result "1/2-1/2"]
[WhiteElo "1910"]
[BlackElo "2020"]
[PlyCount "69"]
[EventDate "2010.02.20"]

1. e4 e6 2. d4 d5 3. exd5 exd5 4. Nf3 Nf6 5. Be2 Be7 6. O-O O-O 7. c3 Bf5 8.
Re1 Nbd7 9. Nbd2 c6 10. Nf1 Qc7 11. Ne3 Bg6 12. Nh4 Rfe8 13. Nxg6 hxg6 14. Ng4
Bd6 15. g3 Nxg4 16. Bxg4 Nf6 17. Bf3 Rxe1+ 18. Qxe1 Re8 19. Qd1 Ne4 20. Qd3 f5
21. Bd2 Nxd2 22. Qxd2 Qe7 23. Kf1 Kf7 24. Re1 Qxe1+ 25. Qxe1 Rxe1+ 26. Kxe1 g5
27. Kd2 g4 28. Bg2 Be7 29. Kd3 Bg5 30. b3 Ke6 31. Bf1 Kd6 32. Bg2 b6 33. Bf1
Bh6 34. Bg2 Bg5 35. Bf1 1/2-1/2

[Event "Malaga op-13"]
[Site "Malaga"]
[Date "2010.02.25"]
[Round "7.38"]
[White "Yanez Acin, Gonzalo"]
[Black "Corrales Ibanez, Pedro Luis"]
[Result "1/2-1/2"]
[WhiteElo "1910"]
[BlackElo "2016"]
[PlyCount "53"]
[EventDate "2010.02.20"]

1. e4 c6 2. d4 d5 3. Nc3 dxe4 4. Nxe4 Nf6 5. Nxf6+ gxf6 6. Be3 Bf5 7. Bd3 Rg8
8. g3 Qa5+ 9. c3 Qd5 10. f3 h5 11. Qc2 Bxd3 12. Qxd3 Nd7 13. Qe4 Nb6 14. Qxd5
Nxd5 15. Bd2 e6 16. Ne2 Bd6 17. O-O-O b5 18. Kc2 Ke7 19. Rde1 f5 20. b3 h4 21.
Reg1 hxg3 22. hxg3 Rg7 23. g4 fxg4 24. Rxg4 Rxg4 25. fxg4 Rg8 26. g5 Kf8 27.
Ng1 1/2-1/2

[Event "Malaga op-13"]
[Site "Malaga"]
[Date "2010.02.25"]
[Round "7.39"]
[White "Nieto Asencio, Maria Del Carmen"]
[Black "Marquez Bernal, Florencio"]
[Result "0-1"]
[WhiteElo "1900"]
[BlackElo "2003"]
[PlyCount "112"]
[EventDate "2010.02.20"]

1. d4 f5 2. Nf3 Nf6 3. Bf4 d6 4. e3 e6 5. Bc4 Ne4 6. Nc3 g5 7. Nxe4 gxf4 8.
Nfg5 h5 9. Bxe6 fxe4 10. Nf7 Bxe6 11. Nxd8 Kxd8 12. d5 Bf5 13. Qd4 Rh6 14. exf4
Nd7 15. O-O-O Rg6 16. Qh8 Rh6 17. Qg8 Ke7 18. Qg5+ Rf6 19. Qxh5 Bg7 20. g4 Rh8
21. Qxh8 Bxh8 22. gxf5 Rxf5 23. Rhe1 Rxf4 24. f3 Rxf3 25. Rxe4+ Be5 26. Rg1 Nf6
27. Ra4 Nxd5 28. Re1 a6 29. Rh4 Rf2 30. Rh7+ Kf6 31. h4 c5 32. a3 b5 33. Ra7 a5
34. Rxa5 Bf4+ 35. Kb1 Bd2 36. Re8 Rh2 37. Rxb5 Nc7 38. Rf8+ Ke7 39. Rbb8 Rxh4
40. Rf2 Bf4 41. Rb7 Kd7 42. Rg2 Kc6 43. Rb8 Be5 44. Ka2 Nd5 45. Rc8+ Kd7 46.
Rb8 Ne3 47. Re2 Nc4 48. b3 Rh1 49. b4 Ra1+ 50. Kb3 Nxa3 51. bxc5 Rb1+ 52. Kxa3
Rxb8 53. cxd6 Kxd6 54. Rd2+ Kc5 55. Rd3 Kc4 56. Ka2 Bc3 0-1

[Event "Malaga op-13"]
[Site "Malaga"]
[Date "2010.02.25"]
[Round "7.40"]
[White "Lopez Guerrero, Jose Miguel"]
[Black "Martin Carmona, Gaston"]
[Result "1-0"]
[WhiteElo "2001"]
[BlackElo "1887"]
[PlyCount "81"]
[EventDate "2010.02.20"]

1. c4 c5 2. Nf3 g6 3. Nc3 Bg7 4. g3 e5 5. Bg2 Ne7 6. Nh4 Nbc6 7. d3 h6 8. Be3
d6 9. Qc1 Be6 10. O-O f5 11. Bxc6+ Nxc6 12. Nxg6 Rg8 13. Nh4 f4 14. Bd2 Bh3 15.
Ng2 Qd7 16. Qd1 Qf7 17. Ne4 O-O-O 18. Re1 Nd4 19. Nh4 Bf6 20. Nf3 Nxf3+ 21.
exf3 Bh4 22. b4 Qg6 23. Rb1 d5 24. cxd5 Rxd5 25. bxc5 Rxd3 26. c6 b6 27. Qa4
Rd4 28. Qa6+ Kd8 29. Qxa7 Qxc6 30. Rxb6 Ra4 31. Ba5 Rxa5 32. Qxa5 Qc7 33. Qd5+
Qd7 34. Qxg8+ Ke7 35. Qg7+ Kd8 36. Rb8+ Kc7 37. Rb7+ Kxb7 38. Nc5+ Kc6 39. Nxd7
Bxd7 40. gxh4 Be6 41. Rxe5 1-0

[Event "Malaga op-13"]
[Site "Malaga"]
[Date "2010.02.25"]
[Round "7.41"]
[White "Girela Sarrion, Manuel"]
[Black "Moreno Alberti, Manuel Maria"]
[Result "0-1"]
[WhiteElo "1571"]
[BlackElo "1971"]
[PlyCount "82"]
[EventDate "2010.02.20"]

1. e4 g6 2. d4 Bg7 3. f4 c5 4. Nf3 cxd4 5. Nxd4 Qb6 6. c3 Nc6 7. Nxc6 bxc6 8.
Na3 d6 9. Nc4 Qc7 10. Be3 Nf6 11. Bd3 Be6 12. Qa4 O-O 13. Bd4 Nd7 14. Bxg7 Kxg7
15. O-O Nc5 16. Qc2 Nxe4 17. Bxe4 Bxc4 18. Rfe1 e6 19. b3 Ba6 20. c4 d5 21.
Qc3+ Kg8 22. cxd5 Qb6+ 23. Kh1 cxd5 24. Bf3 Rac8 25. Qe5 Qc7 26. Qg5 Kg7 27. h4
Qd8 28. Qg3 Qf6 29. h5 Rc7 30. Re5 Bd3 31. Bxd5 Rc3 32. Bf3 Rfc8 33. Ree1 Be2
34. h6+ Kg8 35. Kh2 Bxf3 36. gxf3 Rc2+ 37. Kh1 R8c5 38. f5 Qxf5 39. Rad1 Qf6
40. Re5 Rxe5 41. Qxe5 Qxf3+ 0-1

[Event "Malaga op-13"]
[Site "Malaga"]
[Date "2010.02.25"]
[Round "7.42"]
[White "Canamero Corredera, Jose Antoni"]
[Black "Molina Mataran, Manuel"]
[Result "0-1"]
[WhiteElo "1662"]
[BlackElo "1962"]
[PlyCount "56"]
[EventDate "2010.02.20"]

1. d4 d5 2. Bf4 Nf6 3. e3 e6 4. Nf3 c5 5. c3 Bd7 6. Bd3 Nc6 7. Nbd2 Be7 8. O-O
Nh5 9. Bg3 Nxg3 10. fxg3 Qc7 11. e4 cxd4 12. exd5 exd5 13. Nxd4 Qb6 14. Qb3
Qxb3 15. N2xb3 O-O 16. Bf5 Rad8 17. Bxd7 Rxd7 18. Nxc6 bxc6 19. Rad1 Rb7 20.
Rfe1 Bd8 21. Kf1 Bb6 22. Re2 f5 23. Nd4 f4 24. Ne6 fxg3+ 25. Ke1 gxh2 26. Kd2
Rf2 27. Rxf2 Bxf2 28. b3 Re7 0-1

[Event "Malaga op-13"]
[Site "Malaga"]
[Date "2010.02.26"]
[Round "8.1"]
[White "Matamoros Franco, Carlos S"]
[Black "Carlsson, Pontus"]
[Result "1/2-1/2"]
[WhiteElo "2545"]
[BlackElo "2476"]
[PlyCount "30"]
[EventDate "2010.02.20"]

1. c4 e5 2. g3 Nf6 3. Bg2 h6 4. Nc3 Bb4 5. Nf3 e4 6. Nd4 Bxc3 7. bxc3 O-O 8.
O-O d6 9. f3 c5 10. Nc2 exf3 11. Rxf3 Nc6 12. Ne3 Ng4 13. Nd5 Ne7 14. d3 Nxd5
15. cxd5 Qe7 1/2-1/2

[Event "Malaga op-13"]
[Site "Malaga"]
[Date "2010.02.26"]
[Round "8.2"]
[White "Recuero Guerra, David"]
[Black "Paunovic, Dragan"]
[Result "1/2-1/2"]
[WhiteElo "2480"]
[BlackElo "2551"]
[PlyCount "67"]
[EventDate "2010.02.20"]

1. e4 c5 2. Nf3 e6 3. Nc3 a6 4. d4 cxd4 5. Nxd4 Qc7 6. Bd3 Nf6 7. f4 Bb4 8. Bd2
Nc6 9. Nxc6 Qxc6 10. Qe2 b5 11. O-O-O Bb7 12. e5 Bxc3 13. Bxc3 Nd5 14. Bd2 b4
15. Rhf1 g6 16. g4 a5 17. Bb5 Qc5 18. f5 O-O 19. fxg6 hxg6 20. Bh6 Rfc8 21. Qf2
Qxf2 22. Rxf2 Bc6 23. Bd3 d6 24. exd6 Ra7 25. h4 a4 26. a3 bxa3 27. bxa3 Nc3
28. Re1 Bb5 29. Re3 Bxd3 30. Rxd3 Nd5 31. h5 gxh5 32. gxh5 Rd7 33. Rg3+ Kh7 34.
Bd2 {Ilegible} 1/2-1/2

[Event "Malaga op-13"]
[Site "Malaga"]
[Date "2010.02.26"]
[Round "8.3"]
[White "Munoz Moreno, Francisco Javier"]
[Black "Strikovic, Aleksa"]
[Result "0-1"]
[WhiteElo "2295"]
[BlackElo "2531"]
[PlyCount "96"]
[EventDate "2010.02.20"]

1. d4 d6 2. Nf3 f5 3. g3 Nf6 4. Bg2 g6 5. c4 Bg7 6. Nc3 O-O 7. O-O Qe8 8. d5
Na6 9. Nd4 e5 10. dxe6 c6 11. b3 Bxe6 12. Bb2 Rd8 13. Qc2 Bc8 14. Rad1 Nc5 15.
b4 Ne6 16. Nb3 f4 17. Ne4 Qe7 18. b5 c5 19. e3 fxe3 20. Bxf6 Bxf6 21. fxe3 Be5
22. Nc3 Bxc3 23. Qxc3 Ng5 24. Bd5+ Be6 25. Qd3 Bxd5 26. Qxd5+ Kg7 27. Qd3 b6
28. Nd2 Qe5 29. e4 Qe6 30. Nf3 Nf7 31. Qc3+ Kg8 32. Rfe1 Rde8 33. Re3 Nh6 34.
Kg2 Re7 35. h3 Nf7 36. Rde1 Rfe8 37. R3e2 h5 38. h4 Qg4 39. Nh2 Qd7 40. Nf3 Re6
41. Re3 Qd8 42. R1e2 Rf8 43. Rf2 Nh6 44. Rfe2 Ng4 45. Rd3 Ref6 46. e5 Qe7 47.
Qe1 dxe5 48. Rd5 Rxf3 0-1

[Event "Malaga op-13"]
[Site "Malaga"]
[Date "2010.02.26"]
[Round "8.5"]
[White "Quillan, Gary"]
[Black "Berbatov, Kiprian"]
[Result "1-0"]
[WhiteElo "2364"]
[BlackElo "2455"]
[PlyCount "61"]
[EventDate "2010.02.20"]

1. e4 c5 2. Nf3 Nf6 3. e5 Nd5 4. c3 d6 5. d4 cxd4 6. cxd4 Nc6 7. Bc4 Nb6 8. Bb3
dxe5 9. d5 Na5 10. Nc3 Nxb3 11. Qxb3 e6 12. Nxe5 exd5 13. O-O Be7 14. Be3 O-O
15. Bxb6 axb6 16. Nxd5 Bc5 17. Nd3 Be6 18. N3f4 Bf5 19. Rad1 Qg5 20. Rfe1 Bg4
21. Rc1 h5 22. h3 Bd7 23. Rxc5 bxc5 24. Ne7+ Kh7 25. Qd3+ Kh6 26. Qd6+ g6 27.
h4 Qg4 {#} 28. Re5 Rxa2 29. Nexg6 Rg8 30. Ne7+ Kh7 31. Rxh5+ 1-0

[Event "Malaga op-13"]
[Site "Malaga"]
[Date "2010.02.26"]
[Round "8.6"]
[White "Fenollar Jorda, Manuel"]
[Black "Arribas Lopez, Angel"]
[Result "0-1"]
[WhiteElo "2328"]
[BlackElo "2441"]
[PlyCount "106"]
[EventDate "2010.02.20"]

1. d4 Nf6 2. c4 e6 3. Nc3 Bb4 4. e3 O-O 5. Bd3 c5 6. Nge2 Nc6 7. O-O d5 8. cxd5
exd5 9. a3 Bxc3 10. bxc3 Re8 11. a4 b6 12. Ba3 c4 13. Bc2 Bg4 14. Qd2 Bxe2 15.
Qxe2 Ne4 16. f3 {#} Nxc3 17. Qd2 Nxd4 18. exd4 Ne2+ 19. Kh1 Qh4 20. f4 Ng3+ 21.
Kg1 Nxf1 22. Rxf1 a6 23. Bd1 Rad8 24. Bf3 Qf6 25. g3 Qe6 26. Kf2 h6 27. Bb4 a5
28. Bc3 Qh3 29. Bg2 Qf5 30. Bf3 h5 31. Qd1 Re6 32. h4 g6 33. Qb1 Qf6 34. Qb5
Qe7 35. Re1 Rxe1 36. Bxe1 Qa3 37. Bxd5 c3 38. Qc4 Qb2+ 39. Kf1 Rxd5 40. Qxd5 c2
41. Bd2 c1=Q+ 42. Bxc1 Qxc1+ 43. Kf2 Qc2+ 44. Kf3 Qxa4 45. Qd8+ Kg7 46. Qxb6
Qd1+ 47. Ke3 a4 48. Qb4 Qc1+ 49. Kd3 Qc6 50. Qa5 Qf3+ 51. Kc4 Qxg3 52. d5 Qxf4+
53. Kc5 Qc1+ 0-1

[Event "Malaga op-13"]
[Site "Malaga"]
[Date "2010.02.26"]
[Round "8.8"]
[White "Rodriguez Lopez, Rafael"]
[Black "Ivanov, Jordan"]
[Result "1-0"]
[WhiteElo "2314"]
[BlackElo "2409"]
[PlyCount "61"]
[EventDate "2010.02.20"]

1. e4 c5 2. Nf3 e6 3. d4 cxd4 4. Nxd4 Nf6 5. Nc3 d6 6. g4 Nc6 7. g5 Nd7 8. Be3
Be7 9. h4 Nb6 10. Qd2 d5 11. exd5 exd5 12. O-O-O O-O 13. Rg1 Ne5 14. f4 Nec4
15. Qd3 Nxe3 16. Qxe3 Bc5 17. Qf3 Re8 18. Bb5 Bd7 19. Bxd7 Qxd7 20. f5 Re5 21.
f6 Rae8 22. fxg7 Nc4 23. h5 Qd8 24. g6 hxg6 25. hxg6 fxg6 26. Rxg6 Bxd4 {#} 27.
Qh3 Bxc3 28. bxc3 Re1 29. Qh8+ Kf7 30. g8=Q+ Rxg8 31. Qh7+ 1-0

[Event "Malaga op-13"]
[Site "Malaga"]
[Date "2010.02.26"]
[Round "8.10"]
[White "Ramos Moreno, Francisco Jose"]
[Black "Naranjo Moreno, Antonio"]
[Result "0-1"]
[WhiteElo "2132"]
[BlackElo "2290"]
[PlyCount "104"]
[EventDate "2010.02.20"]

1. b4 Nf6 2. Bb2 g6 3. c4 Bg7 4. e3 d6 5. d4 O-O 6. Nf3 e5 7. dxe5 Nfd7 8. Nc3
Nxe5 9. Nd4 Nbc6 10. Nd5 Nxd4 11. exd4 Ng4 12. Be2 c6 13. Bxg4 Bxg4 14. Qxg4
cxd5 15. cxd5 Re8+ 16. Kf1 Qb6 17. a3 Qb5+ 18. Kg1 Rac8 19. Rf1 Rc2 20. a4 Qxb4
21. Ba1 Re1 22. g3 Rxf1+ 23. Kxf1 Rc1+ 24. Kg2 Rxh1 25. Qc8+ Bf8 26. Kxh1 Qb1+
27. Kg2 Qxa1 28. Qc4 Kg7 29. h4 h5 30. Qb4 b6 31. Qc4 Qe1 32. Qc2 Qb4 33. Qe4
Qxa4 34. g4 Qd7 35. f3 Qe7 36. Qd3 Qxh4 37. Qe2 hxg4 38. fxg4 Be7 39. Qe4 f5
40. Qe6 Qxg4+ 41. Kf1 Qf4+ 42. Kg1 Qxd4+ 43. Kf1 Qf4+ 44. Kg1 Qg3+ 45. Kh1 Qh4+
46. Kg1 f4 47. Kg2 Qg3+ 48. Kh1 Qe3 49. Qd7 f3 50. Qh3 Qe1+ 51. Kh2 Qf2+ 52.
Kh1 Qg2+ 0-1

[Event "Malaga op-13"]
[Site "Malaga"]
[Date "2010.02.26"]
[Round "8.11"]
[White "Terron Elena, Francisco Miguel"]
[Black "Guadamuro Torrente, Anabel"]
[Result "1/2-1/2"]
[WhiteElo "2278"]
[BlackElo "2118"]
[PlyCount "29"]
[EventDate "2010.02.20"]

1. Nf3 d5 2. e4 dxe4 3. Ng5 Bf5 4. Nc3 Nf6 5. Bc4 e6 6. f3 exf3 7. Qxf3 Nc6 8.
Nxf7 Nd4 9. Nxd8 Nxf3+ 10. gxf3 Rxd8 11. d3 Bc5 12. Bf4 c6 13. Ne4 Nxe4 14.
fxe4 Bg4 15. h3 {=} 1/2-1/2

[Event "Malaga op-13"]
[Site "Malaga"]
[Date "2010.02.26"]
[Round "8.12"]
[White "Spence, David J"]
[Black "Garcia Rodriguez, Victor"]
[Result "0-1"]
[WhiteElo "2268"]
[BlackElo "2137"]
[PlyCount "122"]
[EventDate "2010.02.20"]

1. e4 e5 2. Nf3 Nc6 3. Bb5 a6 4. Ba4 Nf6 5. Qe2 b5 6. Bb3 Be7 7. c3 O-O 8. O-O
d5 9. d3 Bb7 10. Rd1 Re8 11. Nbd2 Bf8 12. Nf1 Na5 13. Bc2 c5 14. Ng3 g6 15. Bg5
h6 16. Bd2 Qc7 17. Be1 Bg7 18. a4 c4 19. axb5 axb5 20. h3 Rad8 21. dxc4 Nxc4
22. b3 Nd6 23. Nd2 h5 24. f3 Bh6 25. exd5 Nxd5 26. Nde4 Nxe4 27. Nxe4 Qc6 28.
c4 Ne3 29. cxb5 Qxc2 30. Nf6+ Kf8 31. Bb4+ Kg7 32. Nxe8+ Rxe8 33. Rd2 Qxb3 34.
Rb2 Qe6 35. Bc5 Nd5 36. Ra7 Nf4 37. Qc2 Qd5 38. Bb6 e4 39. Qc7 Qd1+ 40. Kh2 Bd5
41. fxe4 Nd3 42. Qc3+ Kg8 43. Bc7 Bxe4 44. Rba2 Rc8 45. Ra1 Qe2 46. R7a2 Qe3
47. Rf1 Bg7 48. Bf4 Rxc3 49. Bxe3 Nb4 50. Ra4 Rxe3 51. Rxb4 Be5+ 52. Kg1 Bd6
53. Rb2 Ba3 54. Ra2 Bc5 55. Kh2 Rb3 56. Re2 Bf5 57. Rd1 Bb6 58. Rd5 Bc7+ 59.
Kg1 Be6 60. Rg5 Bb6+ 61. Kh2 Be3 0-1

[Event "Malaga op-13"]
[Site "Malaga"]
[Date "2010.02.26"]
[Round "8.13"]
[White "Walton, Alan J"]
[Black "Ruiz Gutierrez, Manuel"]
[Result "1-0"]
[WhiteElo "2137"]
[BlackElo "2226"]
[PlyCount "55"]
[EventDate "2010.02.20"]

1. d4 d5 2. c4 e6 3. Nc3 Be7 4. Qc2 a6 5. cxd5 exd5 6. f3 c6 7. e3 Bf6 8. Bd3
Ne7 9. Nge2 g6 10. O-O O-O 11. Kh1 Bg7 12. Bd2 Nd7 13. e4 c5 14. dxc5 Nxc5 15.
Nxd5 Nxd3 16. Nxe7+ Qxe7 17. Qxd3 Bxb2 18. Rab1 Rd8 19. Qc2 Bg7 20. Ba5 Re8 21.
Nf4 Be6 22. Nxe6 fxe6 23. a4 Rac8 24. Qd2 Qa3 25. Rxb7 Qxa4 26. h3 Rc5 27. Bb4
Rc4 28. Qf4 1-0

[Event "Malaga op-13"]
[Site "Malaga"]
[Date "2010.02.26"]
[Round "8.14"]
[White "Fernandez Garcia, Jose Miguel"]
[Black "James, David"]
[Result "1-0"]
[WhiteElo "2225"]
[BlackElo "2110"]
[PlyCount "63"]
[EventDate "2010.02.20"]

1. e4 c5 2. Nf3 d6 3. d4 cxd4 4. Nxd4 Nf6 5. Nc3 a6 6. Bc4 e6 7. Bb3 Nbd7 8.
Bg5 Qa5 9. Qd2 b5 10. Bxf6 Nxf6 11. O-O Bd7 12. Rfe1 Be7 13. f4 O-O 14. a3 Rfd8
15. f5 exf5 16. exf5 Bf8 17. Rad1 Qb6 18. Nd5 Nxd5 19. Bxd5 Rac8 20. Kh1 Re8
21. Qd3 Rxe1+ 22. Rxe1 Re8 23. Bxf7+ Kxf7 24. Qb3+ d5 25. Qxd5+ Kf6 26. Ne6 Qd6
27. Qf3 Kf7 28. Ng5+ Kf6 29. Nxh7+ Kf7 30. Qb3+ Be6 31. Rxe6 Rxe6 32. Qxe6+ 1-0

[Event "Malaga op-13"]
[Site "Malaga"]
[Date "2010.02.26"]
[Round "8.15"]
[White "Cuenca Jimenez, Francisco Javie"]
[Black "Rodriguez Perez, Angel Mariano"]
[Result "1/2-1/2"]
[WhiteElo "2205"]
[BlackElo "2089"]
[PlyCount "104"]
[EventDate "2010.02.20"]

1. c4 d6 2. g3 g6 3. Bg2 Bg7 4. Nc3 Nf6 5. e4 c5 6. Nge2 O-O 7. d3 Nc6 8. a3
Rb8 9. Rb1 a5 10. O-O Ne8 11. Be3 Nd4 12. b4 Bg4 13. f3 Bd7 14. h3 b6 15. Qd2
Nc7 16. Bh6 e5 17. Nxd4 cxd4 18. Ne2 b5 19. Bxg7 Kxg7 20. cxb5 Nxb5 21. bxa5
Nxa3 22. Ra1 Nb5 23. f4 f6 24. g4 h6 25. Bf3 Qc7 26. h4 Rfc8 27. g5 fxg5 28.
hxg5 Qc2 29. gxh6+ Kxh6 30. Qe1 Kg7 31. Qh4 Rf8 32. f5 Rf6 33. Rad1 Rh8 34. Qg5
Nc3 35. Rd2 Nxe2+ 36. Bxe2 Qc3 37. Bg4 Qxa5 38. fxg6 Rxf1+ 39. Kxf1 Qd8 40.
Qxd8 Rxd8 41. Bf5 Bxf5 42. exf5 d5 43. Rf2 e4 44. Ke2 Kf6 45. Rf4 Re8 46. Rf1
Ra8 47. Rf4 Re8 48. Rf1 Re5 49. Rf4 Re7 50. Rf1 Re8 51. Rf4 Kg5 52. Rf1 Kf6 {
...} 1/2-1/2

[Event "Malaga op-13"]
[Site "Malaga"]
[Date "2010.02.26"]
[Round "8.16"]
[White "Lopez Gonzalez, Daniel"]
[Black "Charro Calvo, Jesus"]
[Result "0-1"]
[WhiteElo "2202"]
[BlackElo "1729"]
[PlyCount "110"]
[EventDate "2010.02.20"]

1. e4 e5 2. Nf3 Nc6 3. Bb5 a6 4. Ba4 Nf6 5. O-O b5 6. Bb3 Be7 7. d4 d6 8. c3
O-O 9. h3 Re8 10. Be3 Bb7 11. Nbd2 Na5 12. Bc2 Bf8 13. dxe5 dxe5 14. b4 Nc6 15.
Qe2 Nb8 16. Rfd1 Nbd7 17. a4 c6 18. Nf1 Qc7 19. Ng3 g6 20. Nh2 Bg7 21. Bb3 Nf8
22. Ng4 Nxg4 23. hxg4 Bc8 24. axb5 cxb5 25. Bd5 Rb8 26. Bd2 Ne6 27. Qf3 Bb7 28.
Nf1 Rbd8 29. Ne3 Rd6 30. g3 Red8 31. Qe2 Ng5 32. f3 Rf6 33. Rf1 Rfd6 34. Kg2
Ne6 35. Rad1 Nf8 36. Bxb7 Qxb7 37. Nd5 Nd7 38. Be3 Nf6 39. Nxf6+ Bxf6 40. Bc5
R6d7 41. Rxd7 Qxd7 42. Ra1 Qc6 43. Qa2 Qd7 44. Qxa6 Qd2+ 45. Bf2 Bg5 46. Ra2
Qxc3 47. Qxb5 Rd2 48. Qe8+ Kg7 49. Ra8 Rxf2+ 50. Kh3 Qxb4 51. Qxe5+ Bf6 52. Qe8
Qe7 53. Qh8+ Kh6 54. g5+ Bxg5 55. Re8 Qd7+ 0-1

[Event "Malaga op-13"]
[Site "Malaga"]
[Date "2010.02.26"]
[Round "8.17"]
[White "Korneev, Oleg"]
[Black "Anaya Lopez, Victor Jose"]
[Result "1-0"]
[WhiteElo "2573"]
[BlackElo "2157"]
[PlyCount "64"]
[EventDate "2010.02.20"]

1. e4 c5 2. Nf3 Nc6 3. d4 cxd4 4. Nxd4 Nf6 5. Nc3 e5 6. Ndb5 d6 7. Bg5 a6 8.
Na3 b5 9. Nd5 Be7 10. Bxf6 Bxf6 11. c3 Bg5 12. Nc2 Rb8 13. a4 bxa4 14. Ncb4
Nxb4 15. cxb4 O-O 16. Rxa4 a5 17. b5 Bd7 18. Nc3 Qb6 19. Bc4 Rbc8 20. O-O Kh8
21. b3 Bd8 22. Ra2 Be6 23. Rd2 Bxc4 24. bxc4 Rxc4 25. Rxd6 Qc7 26. Rd7 Qb8 27.
Qd3 Qc8 28. Nd5 Rd4 29. Qa3 Kg8 30. Qd6 Re8 31. g3 Kh8 32. Qc6 Bf6 {...} 1-0

[Event "Malaga op-13"]
[Site "Malaga"]
[Date "2010.02.26"]
[Round "8.18"]
[White "Colovic, Aleksander"]
[Black "Penalonga Sweers, Angel"]
[Result "1-0"]
[WhiteElo "2464"]
[BlackElo "2082"]
[PlyCount "63"]
[EventDate "2010.02.20"]

1. e4 d6 2. d4 Nd7 3. Nc3 c6 4. f4 g6 5. Nf3 Bg7 6. Bd3 e6 7. O-O Ne7 8. Kh1
O-O 9. Qe1 d5 10. e5 c5 11. Nb5 cxd4 12. Nfxd4 Nc5 13. Bd2 Bd7 14. Nd6 Nc8 15.
Bb4 b6 16. Nxc8 Qxc8 17. Qe3 a6 18. Rac1 Qb7 19. Be1 Rfc8 20. Bh4 Qc7 21. Bf6
b5 22. b4 Na4 23. f5 exf5 24. Bxf5 Re8 25. Qh3 Nb6 26. Bxg7 Kxg7 27. e6 fxe6
28. Bxe6 Re7 29. Qh4 Bxe6 30. Qf6+ Kg8 31. Nxe6 Rf7 32. Nxc7 1-0

[Event "Malaga op-13"]
[Site "Malaga"]
[Date "2010.02.26"]
[Round "8.19"]
[White "Gavilan Diaz, Mario"]
[Black "Ortega Valle, Jose Ramon"]
[Result "0-1"]
[WhiteElo "2278"]
[BlackElo "2054"]
[PlyCount "116"]
[EventDate "2010.02.20"]

1. d4 g6 2. c4 Bg7 3. Nc3 c5 4. d5 Bxc3+ 5. bxc3 f5 6. h4 Nf6 7. h5 Rg8 8. hxg6
hxg6 9. Nf3 Qa5 10. Qb3 d6 11. Ng5 Nbd7 12. Bf4 Nb6 13. e3 Bd7 14. Bd3 Nfxd5
15. cxd5 c4 16. Bxc4 Rc8 17. O-O Rxc4 18. Rac1 Ba4 19. Qb1 Qxd5 20. Rfe1 Rh8
21. e4 fxe4 22. Nxe4 Kd7 23. Bg3 g5 24. Bxd6 Rxe4 25. Qxe4 Qxe4 26. Rxe4 exd6
27. Rce1 Rh7 28. Re8 Rg7 29. Rh8 Bc2 30. Ree8 Bh7 31. Kh2 Nd5 32. Rd8+ Kc6 33.
Rc8+ Nc7 34. Kg3 a5 35. Kg4 a4 36. a3 Kb6 37. Kh5 Be4 38. f3 Bd5 39. Kh6 Re7
40. Kxg5 Rg7+ 41. Kf6 Rxg2 42. Rh4 Bb3 43. Ke7 Nb5 44. Rb4 Ka6 45. Ra8+ Na7 46.
Kxd6 b5 47. Rf4 Kb7 48. Rh8 Rg6+ 49. Ke5 Nc6+ 50. Ke4 Re6+ 51. Kf5 Re3 52. Kg4
Be6+ 53. Kg3 Rxc3 54. Rf6 Bd5 55. Rh5 Bc4 56. Rhh6 Bb3 57. Kg4 Bd1 58. Rh1
Bxf3+ 0-1

[Event "Malaga op-13"]
[Site "Malaga"]
[Date "2010.02.26"]
[Round "8.20"]
[White "Claros Egea, Cristian"]
[Black "Borrego Gil, Diego"]
[Result "1-0"]
[WhiteElo "2271"]
[BlackElo "1966"]
[PlyCount "78"]
[EventDate "2010.02.20"]

1. e4 g6 2. d4 Bg7 3. Nc3 b6 4. Be3 Bb7 5. Qd2 d6 6. f3 Nd7 7. Nh3 e6 8. O-O-O
h6 9. Bc4 Qe7 10. Nf4 O-O-O 11. d5 Bxc3 12. Qxc3 e5 13. Nd3 f5 14. Qa3 fxe4 15.
fxe4 a5 16. Rhe1 Ngf6 17. Bg1 Nc5 18. Bxc5 dxc5 19. Qc3 Ng4 20. h3 Qg5+ 21. Qd2
Qxd2+ 22. Rxd2 Nf6 23. Nxe5 Rde8 24. Nxg6 Rhg8 25. Nf4 Rxe4 26. Rxe4 Nxe4 27.
Rd1 Rf8 28. Rf1 Nd6 29. Be2 Kb8 30. c4 Ne4 31. Bd3 Nd6 32. g4 Ba6 33. b3 Bc8
34. Kd2 Kb7 35. Ng6 Rxf1 36. Bxf1 Ne4+ 37. Ke3 Nc3 38. a4 Bd7 39. Bd3 Nd1+ 1-0

[Event "Malaga op-13"]
[Site "Malaga"]
[Date "2010.02.26"]
[Round "8.21"]
[White "Picazo Lopez, Juan Antonio"]
[Black "Ladron De Guevara Pinto, Fermin"]
[Result "1-0"]
[WhiteElo "2269"]
[BlackElo "2044"]
[PlyCount "105"]
[EventDate "2010.02.20"]

1. d4 d5 2. c4 e6 3. cxd5 exd5 4. Nc3 Nf6 5. Bg5 Be7 6. e3 h6 7. Bh4 Bf5 8.
Bxf6 Bxf6 9. Qb3 Nc6 10. Qxb7 Ne7 11. Bb5+ Kf8 12. Qa6 Rb8 13. b3 c6 14. Be2
Qd7 15. Nf3 g5 16. Na4 g4 17. Nd2 Kg7 18. Bd3 Rhe8 19. O-O h5 20. Nc5 Qd6 21.
Bxf5 Nxf5 22. Rac1 g3 23. hxg3 Nxg3 24. Rfe1 Nf5 25. Nf3 h4 26. Nd3 Rbc8 27.
Nde5 Bxe5 28. Nxe5 Ne7 29. Qe2 Rh8 30. Qg4+ Kf8 31. e4 h3 32. g3 h2+ 33. Kh1
dxe4 34. Rxe4 f5 35. Rf4 Ke8 36. Qf3 Qa3 37. Re1 Qa5 38. Qe2 Qd5+ 39. f3 Kd8
40. Qa6 Rc7 41. Nd3 Qg8 42. g4 fxg4 43. Rxg4 Qd5 44. Ne5 Nf5 45. Qd3 Qa5 46.
Re2 Qa3 47. Rc2 Qa5 48. Qe4 Nd6 49. Qe2 Qd5 50. Rc5 Qe6 51. Nxc6+ Kd7 52. Rg7+
Nf7 53. Rxf7+ 1-0

[Event "Malaga op-13"]
[Site "Malaga"]
[Date "2010.02.26"]
[Round "8.22"]
[White "Cardoso Garcia, Sergio"]
[Black "Serna Lara, Sergio"]
[Result "1/2-1/2"]
[WhiteElo "2125"]
[BlackElo "2263"]
[PlyCount "87"]
[EventDate "2010.02.20"]

1. c4 e5 2. Nf3 d6 3. d4 e4 4. Ng5 f5 5. Nh3 Be7 6. e3 Nf6 7. Nf4 c6 8. h4 Na6
9. a3 Nc7 10. Nc3 Ne6 11. Nce2 O-O 12. Nxe6 Bxe6 13. Nf4 Bf7 14. Be2 b5 15.
cxb5 cxb5 16. Bd2 Qb6 17. O-O Nd5 18. Nxd5 Bxd5 19. g3 a5 20. Rc1 Rfc8 21.
Rxc8+ Rxc8 22. Qb1 Bc4 23. Rc1 Rc7 24. Bxc4+ Rxc4 25. b3 Rc7 26. Rxc7 {=} Qxc7
27. a4 b4 28. Qc1 Qxc1+ 29. Bxc1 Kf7 30. Kg2 Ke6 31. f4 exf3+ 32. Kxf3 Kd5 33.
Kf4 Ke6 34. Bd2 g6 35. e4 fxe4 36. Kxe4 d5+ 37. Kf3 Bd6 38. Bg5 Bc7 39. Bf4
Bxf4 40. Kxf4 Kf6 41. g4 h6 42. g5+ hxg5+ 43. hxg5+ Ke6 44. Kg4 1/2-1/2

[Event "Malaga op-13"]
[Site "Malaga"]
[Date "2010.02.26"]
[Round "8.23"]
[White "Jimenez Martinez, Jose Vicente"]
[Black "Ortega Gonzalez, Jose Luis"]
[Result "1-0"]
[WhiteElo "2241"]
[BlackElo "1905"]
[PlyCount "51"]
[EventDate "2010.02.20"]

1. d4 f5 2. c4 Nf6 3. Nc3 g6 4. h4 d6 5. h5 Nxh5 6. Rxh5 gxh5 7. e4 Be6 8. Be2
c6 9. Bxh5+ Kd7 10. d5 Bg8 11. Qd4 e5 12. dxe6+ Bxe6 13. Qxh8 Qe7 14. c5 dxc5
15. Bf4 Bd5 16. O-O-O Bg7 17. Nxd5 cxd5 18. Rxd5+ Kc6 19. Qc8+ Kb6 20. Bd6 Nc6
21. Qxa8 Bh6+ 22. f4 Qxe4 23. Bxc5+ Kc7 24. Bd6+ Kb6 25. Rb5+ Kxb5 26. Qxb7+
1-0